000 00993nam a22003017a 4500
003 EG-GICUC
005 20260212162347.0
008 260212s1896 fr ||r|fr| 000 |0frefre d
040 _aEG-GiCUC
_bfre
_cEG-GiCUC
_dEG-GiCUC
_eRda
041 _afre
082 0 4 _221
_a341.8
_bBA . F
092 0 4 _221
099 _aLaw1 12 341.8 BA . F 1896
100 1 _aBarclay, Thomas
_eAuteur
245 1 3 _aLa femme anglaise :
_bmariage, divorce, nationalité, biens, procédure /
_cPar Thomas Barclay.
264 1 _aParis :
_bG. pedone-lauriel,
_c1896.
300 _a90 page ;
_c 24 cm.
_billustration ;
336 _2rda contenu
_a texte
337 _2rda medias
_aOrdinateur
338 _2 transporteur rda
_a Ressource en ligne
504 _aBibliography: pages 200-250. 240-220
546 _aTexte en français
650 1 _aDroit international privé
_2qrmak
651 1 _2qrmak
856 4 0 _uhttps://fll.law.cu.edu.eg/fulltext/bks/B12-02537.pdf
905 _a79
942 _2ddc
_cBK
_e21
_n0
999 _c62867
_d62867